000 00601nam a2200229Ia 4500
005 20241129110950.0
008 241129s9999||||xx |||||||||||||| ||und||
020 _a978-1-3-3501-0779-3
037 _aTB
040 _aCRL
_beng
_cCRL
041 _aeng
_2eng
084 _aR4 R3
_qCRL
100 _aAngier Tom Ed.
_9688376
245 0 _aEthics: the key thinkers
_cAngier Tom Ed.
250 _a2nd
260 _aLondon, UK
_bBloomsbury academic
_c2023
300 _aviii,290p.
365 _aUKP
_b19.99
650 _aEthics Philosophy
942 _cTB
_hR4 R3
999 _c1228313
_d1228313